Cuentos de la selva : paso de yabebirí /
Guardado en:
| Autor Principal: | |
|---|---|
| Otros Autores: | |
| Formato: | Libro |
| Idioma: | Undetermined |
| Publicado: |
Buenos Aires :
Producciones Mawis,
2007.
|
| Edición: | 1a ed. |
| Series: | Cuentos de la selva ;
7 |
| Materias: | |
| Etiquetas: |
Agregar Etiqueta
Sin Etiquetas, Sea el primero en etiquetar este registro!
|
| LEADER | 00676nam a22002055a 4500 | ||
|---|---|---|---|
| 001 | CEM.cems024354 | ||
| 008 | 241024s2007####ag############000#0#und#d | ||
| 005 | 20241024160908.0 | ||
| 245 | 1 | 0 | |a Cuentos de la selva : |b paso de yabebirí / |c Horacio Quiroga ; ilustraciones Darío Salvi. |
| 250 | |a 1a ed. | ||
| 260 | |a Buenos Aires : |b Producciones Mawis, |c 2007. | ||
| 300 | |a 16 p. | ||
| 490 | 1 | |a Cuentos de la selva ; |v 7 | |
| 020 | |a 9789875860766 | ||
| 100 | 1 | |a Quiroga, Horacio. | |
| 700 | 1 | |a Salvi, Darío; il. | |
| 653 | |a Narrativa uruguaya | ||
| 653 | |a Narrativa infantil | ||
| 653 | |a Literatura uruguaya | ||
| 859 | |a CEMS |b BIB. CEMS - Inicial y Primaria |h A864.3 |i Q484-1 |k IP |p 3520 |t Ej.1 | ||
